Contabilidad financiera a corto plazo

Bibliographic Details
Main Author: Barbosa Da̕z, Marco Antonio
Format: eBook
Language:Spanish
Published: Mx̌ico D.F. : Instituto Mexicano de Contadores Pb︢licos, 2012
Subjects:
Online Access:http://www.vlex.com/source/7081

MARC

LEADER 00000nam a22000007a 4500
005 20130222152523.0
007 cr|||| ||||
008 130222e2012 mx |||||s|||| 00||0 spa d
020 |a 978-607-7621-24-9 
035 |a 7081 
040 |a vLex 
090 |c 3740  |d 3740 
100 1 0 |a Barbosa Da̕z, Marco Antonio 
245 1 0 |a Contabilidad financiera a corto plazo  |h [Recurso electrn̤ico] 
256 |a Servicio en ln̕ea 
260 |a Mx̌ico D.F. :  |b Instituto Mexicano de Contadores Pb︢licos,   |c 2012 
300 |a 1 Recurso electrn̤ico 
650 0 4 |a Empresa 
650 0 4 |a Contabilidad 
740 |a vLex Libros (Servicio en ln̕ea) 
856 |a Acceso restringido  |u http://www.vlex.com/source/7081 
942 |c BOOK 
999 0 |a Finance